Normal view
MARC view
- Chinese literature
Entry Topical Term
001 - CONTROL NUMBER
- control field: 13670
003 - CONTROL NUMBER IDENTIFIER
- control field: NUST
005 - DATE AND TIME OF LATEST TRANSACTION
- control field: 20190215045101.0
008 - FIXED-LENGTH DATA ELEMENTS
- fixed length control field: 190215|| aca||aabn | a|a d
040 ## - CATALOGING SOURCE
- Original cataloging agency: NUST
- Transcribing agency: NUST
150 ## - HEADING--TOPICAL TERM
- Topical term or geographic name entry element: Chinese literature
- General subdivision: History and criticism.
670 ## - SOURCE DATA FOUND
- Source citation: Work cat.: (NUST): Zheng, Enbo. 13669, Chinese literature /, 1999.
